Biggest City in each U.S. State by Letter R - Statistics

General Stats
  • This quiz has been taken 1,001 times
  • The average score is 10 of 19
Answer Stats
State Population City % Correct
North Carolina 403,892 Raleigh
98%
Virginia 210,309 Richmond
94%
Nevada 225,221 Reno
91%
Minnesota 106,769 Rochester
90%
New York 210,565 Rochester
90%
California 303,871 Riverside
72%
Illinois 152,871 Rockford
67%
Pennsylvania 89,872 Reading
57%
South Dakota 67,956 Rapid City
53%
Wisconsin 78,860 Racine
52%
New Mexico 87,521 Rio Rancho
47%
Georgia 88,346 Roswell
47%
Washington 90,927 Renton
38%
Maryland 61,209 Rockville
34%
Texas 99,887 Round Rock
33%
Arkansas 70,744 Rogers
22%
South Carolina 66,154 Rock Hill
21%
Michigan 70,995 Rochester Hills
16%
Massachusetts 51,755 Revere
14%
No matching quizzes found
Score Distribution
Percent of People with Each Score
Percentile by Number Answered
Your Score History
You have not taken this quiz